Statistics for Green Bay Packers Quiz

Click here to take the quiz!

General Stats

  • This quiz has been taken 1,023 times
    (921 since last reset)
  • The average score is 13 of 15

Answer Stats

Hint Answer % Correct
What Is The Packers Stadium CalledLambeau Field
97%
Whats The First Packer ColorGreen
96%
Who Is The Packers RivalThe Chicago Bears
95%
Is The Grass On Lambeau Field Real Or FakeReal
95%
Packers Current Starting Quarterback (2013)Aaron Rodgers
93%
Whats The Third Packer ColorWhite
93%
What State Do They Play InWisconsin
93%
Who Is The Other Rival Of The PackersThe Vikings
93%
Who Did They Beat In The 2010 Super BowlThe Pittsburgh Steelers
90%
What Is The Special Packer Hat CalledCheese Head
88%
Whats The Second Packer ColorYellow/Gold
85%
Starting Quarterback Before Aaron RodgersBrett Favre
84%
Who Is The Current (2013) Outside Linebacker With Long HairClay Matthews
84%
Who Is The Current Head Coach For The Packers (2013)Mike McCarthy
83%
Who Is Lambeau Field Named AfterEarl (Curly) Lambeau
71%

Score Distribution

Percentile by Number Answered

Percent of People with Each Score

Your Score History

You have not taken this quiz since the last reset